| 000 | 00866nam a2200301 i 4500 | ||
|---|---|---|---|
| 001 | 5936 | ||
| 003 | BD-RjUL | ||
| 005 | 20211208234145.0 | ||
| 008 | 140108r19751967enka b 001 0 eng | ||
| 020 | _a0710016085 | ||
| 020 | _a0710081731 (pbk) | ||
| 035 | _a(BD-RjUL)5975 | ||
| 040 |
_aDLC _cDLC _dDLC _dBD-RjUL _beng |
||
| 041 | _aeng | ||
| 082 | 0 | 0 |
_a153.1502436 _bJEL 1975 |
| 100 | 1 |
_aJehu, Derek. _918657 |
|
| 245 | 1 | 0 |
_aLearning theory and social work / _cDerek Jehu. |
| 260 |
_aLondon : _bRoutledge and Kegan Paul, _c1967 [printing1975 ] |
||
| 300 |
_aviii, 139 p. : _bill. ; _c22 cm. |
||
| 500 | _aIncludes index. | ||
| 504 | _aBibliography: p. 118-136. | ||
| 650 | 0 |
_aBehavior modification. _95272 |
|
| 650 | 0 |
_aPersonality. _918658 |
|
| 650 | 0 |
_aSocial case work. _918659 |
|
| 942 |
_2ddc _cBK |
||
| 999 |
_c5936 _d5936 |
||